书目信息 |
| 题名: |
劳动法学
|
|
| 作者: | 郭婕 编著 | |
| 分册: | ||
| 出版信息: | 北京 中国政法大学出版社 1999.06 |
|
| 页数: | 324页 | |
| 开本: | 32开 | |
| 丛书名: | ||
| 单 册: | ||
| 中图分类: | D922.501 | |
| 科图分类: | ||
| 主题词: | 法律--中国 | |
| 电子资源: | ||
| ISBN: | 7-5620-1583-X | |
| 000 | 00542nam0 2200193 45 | |
| 001 | 0010241191 | |
| 005 | 20001024110910.5 | |
| 010 | @a7-5620-1583-X@d12.00元 | |
| 100 | @a20001024d1999 km y0chiy0120 ea | |
| 101 | 0 | @achi |
| 105 | @a z 000yy | |
| 200 | 1 | @a劳动法学@ALao Dong Fa Xue@f郭婕等编著@FGuo Jie Deng Bian Zhu |
| 210 | @a北京@c中国政法大学出版社@d1999.06 | |
| 215 | @a324页@d32开 | |
| 606 | 0 | @a法律@x中国 |
| 690 | @aD922.501@v3 | |
| 701 | 0 | @a郭婕@4编著 |
| 801 | @aCN@bPftUser@c20001024 | |
| 905 | @b185810-814@dD922.501@eG.373@f5 | |
| 劳动法学/郭婕等编著.-北京:中国政法大学出版社,1999.06 |
| 324页;32开 |
| ISBN 7-5620-1583-X:12.00元 |
| ● |
| 相关链接 |
|
|
|
正题名:劳动法学
索取号:D922.501/G.373
 
预约/预借
| 序号 | 登录号 | 条形码 | 馆藏地/架位号 | 状态 | 备注 |
| 1 | 185810 | 201858105 | 社科库509/509社科库 89排6列3层/ [索取号:D922.501/G.373] | 在馆 | |
| 2 | 185811 | 201858114 | 社科库509/509社科库 89排6列3层/ [索取号:D922.501/G.373] | 在馆 | |
| 3 | 185812 | 201858123 | 社科库509/509社科库 89排6列3层/ [索取号:D922.501/G.373] | 在馆 | |
| 4 | 185813 | 201858132 | 社科库509/509社科库 89排6列3层/ [索取号:D922.501/G.373] | 在馆 | |
| 5 | 185814 | 201858141 | 社科库509/509社科库 89排6列3层/ [索取号:D922.501/G.373] | 在馆 |